[Event "AUT-ch U10"]
[Site "St Veit"]
[Date "2023.05.29"]
[Round "7"]
[White "Sams, Daniel"]
[Black "Echtle, Matteo"]
[Result "1-0"]
[WhiteElo "934"]
[BlackElo "908"]
[PlyCount "45"]
[EventDate "2023.05.27"]
[EventType "swiss"]
[EventRounds "7"]
[EventCountry "AUT"]
[SourceTitle "CBM 214 Extra"]
[Source "ChessBase"]
[SourceDate "2023.07.31"]
[SourceVersion "1"]
[SourceVersionDate "2023.07.31"]
[SourceQuality "1"]

1. e4 e5 2. Nf3 Nc6 3. Bc4 Nf6 4. Ng5 d5 5. exd5 Nxd5 6. Nxf7 Kxf7 7. Qf3+ Qf6 8. Bxd5+ Be6 9. Bxe6+ Kxe6 10. Qb3+ Ke7 11. Nc3 Qe6 12. Qxb7 Nd4 13. Qxa8 Nxc2+ 14. Kd1 Nxa1 15. Re1 Qg4+ 16. Re2 Nc2 17. f3 Qf5 18. Qd5 Kf6 19. Ne4+ Kg6 20. g4 Qxf3 21. Qe6+ Qf6 22. Nxf6 gxf6 23. Kxc2 1-0